Statistics for Playable Characters in Lego Lord of the Rings

Click here to take the quiz!

General Stats

  • This quiz has been taken 359 times
    (345 since last reset)
  • The average score is 44 of 74

Answer Stats

Character Variant % Correct
Frodo-
98%
Aragorn-
96%
Sam-
95%
Boromir-
93%
Pippin-
93%
Merry-
92%
Legolas
90%
Bilbo Baggins-
89%
Gimli
88%
Sauron
85%
Saruman the White
85%
Faramir
85%
Elrond(Second Age)
84%
Éowyn-
79%
Gollum
78%
Arwen Evenstar(Ranger)
74%
King Théoden-
73%
Éomer
70%
Galadriel
67%
Gandalf the Grey
66%
Gandalf the White
64%
Grima Wormtongue
63%
The Witch-king
59%
Denethor
59%
Tom Bombadil
57%
Celeborn
56%
Uruk-hai
53%
Lurtz-
51%
Isildur
47%
Radagast the Brown
47%
Gloin
44%
Ringwraith-
41%
Mouth of Sauron
41%
Elendil
38%
Haldir
37%
Gondor Soldier
35%
Lothlórien Elf
34%
Rosie
34%
Háma
32%
Shagrat
31%
Gothmog
30%
Gamling
28%
King of the Dead
27%
Mordor Orc
25%
Easterling
24%
Moria Orc
24%
Gil-galad
22%
Haradrim
22%
Grishnákh
22%
Soldier of the Dead
18%
Rohirrim Soldier
16%
Madril
15%
Berserker
14%
Corsair
12%
Blacksmith
12%
Citadel Guard
11%
Gondor Ranger
10%

Score Distribution

Percentile by Number Answered

Percent of People with Each Score

Your Score History

You have not taken this quiz since the last reset